The effect of police and mental health intervention on juvenile deviance: specifying contingencies in the impact of formal reaction

Guardado en:  
Detalles Bibliográficos
Autores principales: Palamara, Frances (Autor) ; Cullen, Francis T. 1951- (Autor) ; Gersten, Joanne C. (Autor)
Tipo de documento: Print Artículo
Lenguaje:Inglés
Publicado: 1986
En: Journal of health and social behavior
Año: 1986, Volumen: 27, Número: 1, Páginas: 90-105
Verificar disponibilidad: HBZ Gateway
Palabras clave:

MARC

LEADER 00000caa a22000002c 4500
001 1634288467
003 DE-627
005 20220608095959.0
007 tu
008 120726s1986 xx ||||| 00| ||eng c
035 |a (DE-627)1634288467 
035 |a (DE-576)369243846 
035 |a (DE-599)BSZ369243846 
040 |a DE-627  |b ger  |c DE-627  |e rakwb 
041 |a eng 
100 1 |a Palamara, Frances  |4 aut 
245 1 4 |a The effect of police and mental health intervention on juvenile deviance  |b specifying contingencies in the impact of formal reaction  |c Frances Palamara; Francis T. Cullen; Joanne C. Gersten 
264 1 |c 1986 
336 |a Text  |b txt  |2 rdacontent 
337 |a ohne Hilfsmittel zu benutzen  |b n  |2 rdamedia 
338 |a Band  |b nc  |2 rdacarrier 
700 1 |a Cullen, Francis T.  |d 1951-  |0 (DE-588)138300895  |0 (DE-627)601108035  |0 (DE-576)164356282  |4 aut 
700 1 |a Gersten, Joanne C.  |4 aut 
773 0 8 |i In  |t Journal of health and social behavior  |d Los Angeles, Calif. [u.a.] : Sage, 1967  |g 27(1986), 1, Seite 90-105  |w (DE-627)129545589  |w (DE-600)218206-3  |w (DE-576)014995808  |x 0022-1465  |7 nnas 
773 1 8 |g volume:27  |g year:1986  |g number:1  |g pages:90-105 
951 |a AR 
ELC |b 1 
LOK |0 000 xxxxxcx a22 zn 4500 
LOK |0 001 3289094715 
LOK |0 003 DE-627 
LOK |0 004 1634288467 
LOK |0 005 20260223085348 
LOK |0 008 120726||||||||||||||||ger||||||| 
LOK |0 040   |a DE-21-110  |c DE-627  |d DE-21-110 
LOK |0 689   |a s  |a Stigmatisierung 
LOK |0 689   |a s  |a Amplifikation 
LOK |0 689   |a s  |a Abweichendes Verhalten 
LOK |0 689   |a s  |a Jugendliche 
LOK |0 689   |a s  |a Intervention 
LOK |0 689   |a s  |a Labeling Effekt 
LOK |0 852   |z Kein Bestand am IfK; Nachweis für KrimDok 
LOK |0 852   |a DE-21-110 
LOK |0 852 1  |m v  |9 00 
LOK |0 935   |a k110 
LOK |0 938   |k v 
LOK |0 939   |a 26-07-12  |b l01 
ORI |a WA-MARC-krimdoka001.raw